000 01351 a2200193 4500
003 Nust
005 20221220094318.0
010 _a 74006068
020 _a0156298007
040 _cNust
082 0 0 _a320.54,SHA
100 1 _aShafer, Boyd C.
_9105258
245 1 0 _aFaces of nationalism;
_bnew realities and old myths /
_cBoyd C. Shafer.
260 _aNew York,
_bHarcourt Brace Jovanovich
_c[1974, c1972]
300 _axv, 535 p.
_c21 cm.
505 _aProblems of Meaning (Page-3), How National Sentiment Developed Stirrings 1715 (Page-23), The Nation Becoming People 1715-1789 (Page-56), The Nation Makes Patriots (Page-83), Nationalism Spreads and Deepens 1790-1815 (Page-112), Political Bases of Modern Nationalism 1815-1921 (Page-138), The Nation Nationalism Economic , Social and Cultrual Pressures 1815-1921 (Page-183),Nationalism in the West after World War I Persistence and Doubt(Page-229), Developing Nationalism Among Developing People General Nature and Variations (Page-273), How the Developing Nationalism Developed (Page-273), Some Myths Metaphysical and Physical about Nation and Nationalism (Page-313), Come Cultural Myths Economic Political Linguistic and Historical (Page-328), Nationalism Past Present and Prospects (Page-343), Notes (Page-379).
650 0 _aNationalism
_xHistory.
_9105259
942 _2ddc
_cBK
_k320.54,SHA
999 _c184976
_d184976